Pequeña enciclopedia, escrita especialmente para los alumnos de las escuelas oficiales del estado de Hidalgo.

Gespeichert in:
Bibliographische Detailangaben
1. Verfasser: Armiño, Julio.
Format: Buch
Sprache:Spanisch
Erschienen: México Tipografía El Lapíz del Águila 1900
Katalog:MANES:  Suchergebnis im Bibliothekskatalog
Schulbuchspezifische Eigenschaften:
Tags: Tag hinzufügen
Keine Tags, Fügen Sie den ersten Tag hinzu!
Hinzugefügt zu:11.07.2018
Geändert in:20.05.2026

MARC

LEADER 00000nam a2200000 4500
005 20260520171815.0
008 180712b xxu||||| |||| 00| 0 spa d
040 |a centro_manes  |c universidad_colima 
100 |9 22104  |a Armiño, Julio. 
245 |a Pequeña enciclopedia, escrita especialmente para los alumnos de las escuelas oficiales del estado de Hidalgo. 
260 |a México  |b Tipografía El Lapíz del Águila  |c 1900 
300 |a 48 p.   |c 16 cm. 
500 |a Aparece: Francisco Ziga, "Bibliografía Pedagógica. Libros de texto para enseñanza primaria:1850-1970 V. Libros de Lectura" en Boletín del Instituto de Investigaciones Bibliográficas 1981-1982, Biblioteca Nacional, Hemeroteca Nacional, Universidad Nacional Autónoma de México, Nos. 18 - 19,p. 116.  |a (Enseñanza mnemónica). 
546 |a México 
691 0 |a PRI 
690 0 |a EyL 
942 |2 ddc  |c BK 
999 |c 51113  |d 51113 
999 |c manes:51113  |d 51113